The DESIGN, construction and operation of a unit for the carbonisation of coconut shell with recovery of waste heat

Bibliographic Details
Other Authors: Breag (George Richard)
Format: Book
Published: London : Tropical Development and Research Institute , 1984
Subjects:

MARC

LEADER 00000cam a2200000 7i4500
001 0000002405
005 20030606.0
020 0 0 |a 0859541827 
090 0 0 |a 621.402   |b DES 1984 
245 0 4 |a The DESIGN, construction and operation of a unit for the carbonisation of coconut shell with recovery of waste heat   |c G. R. Breag ... (et al.) 
260 0 0 |a London :   |b Tropical Development and Research Institute ,   |c 1984 
300 |a iv, 18 p. :   |b ill. ;   |c 30 cm. 
500 0 0 |a Bibliography : p. 9-10 
650 0 0 |a Carbonization 
650 0 0 |a Charcoal 
650 0 0 |a Coconut products 
650 0 0 |a Heat recovery 
700 0 1 |a Breag   |h G. R. [  |q (George Richard)] 
998 |a JPSM 
999 |a 0000003174   |b Monograph   |c Open Shelf   |e Default branch